| 000 | 00755nam a2200289 a 4500 | ||
|---|---|---|---|
| 003 | AR-BaBNM | ||
| 005 | 20251128205458.0 | ||
| 008 | 082120s2002 ||||||||||||||000 | spa|| | ||
| 040 | _cAR-BaBNM | ||
| 245 | 0 | 0 | _aAntología del soneto lunfardo |
| 250 | _a1ª ed. | ||
| 260 |
_aBuenos Aires _bEdiciones Corregidor _c1978 |
||
| 300 | _a222 p. | ||
| 490 | 0 |
_aSerie popular _vv. 1214 |
|
| 500 | _aContiene referencias bibliográficas en p. 219 | ||
| 650 | 4 | _aLITERATURA POPULAR | |
| 650 | 4 | _aLITERATURA ARGENTINA | |
| 650 | 4 | _aANTOLOGIAS | |
| 650 | 4 | _aCULTURAS POPULARES | |
| 650 | 4 | _aESCRITORES | |
| 653 | _aLUNFARDO | ||
| 653 | _aTANGO | ||
| 655 | _aLITERATURA | ||
| 700 | 1 |
_aAlposta, Luis _ecompilador |
|
| 942 | _cBK | ||
| 998 | _cMARTIN | ||
| 999 |
_c11560 _d11560 |
||